Personnel management. Pt 1-3 (Record no. 37243)

MARC details
000 -LEADER
fixed length control field 00279nam a2200109Ia 4500
082 ## - DEWEY DECIMAL CLASSIFICATION NUMBER
Classification number 658.3
Item number PER
245 #0 - TITLE STATEMENT
Title Personnel management. Pt 1-3
260 ## - PUBLICATION, DISTRIBUTION, ETC. (IMPRINT)
Place of publication USA
Name of publisher Harward College
Year of publication 1951
650 ## - SUBJECT ADDED ENTRY--TOPICAL TERM
Topical Term Personnel management
942 ## - ADDED ENTRY ELEMENTS (KOHA)
Koha item type Books
Holdings
Withdrawn status Lost status Damaged status Not for loan Home library Current library Date acquired Cost, normal purchase price Full call number Accession Number Koha item type
        RRII Library RRII Library 16/12/2021 143.00 658.3 PER 17629 Books